MARC

LEADER 00000nam1a2200000 4500
001 296453
005 20231102000916.0
020 |a RU  |b 84-48882 
035 |a (RuTPU)RU\TPU\book\321560 
090 |a 296453 
100 |a 20150601d1984 km y0rusy5003 ca 
101 0 |a rus 
200 1 |a Оптическая технология в космосе  |f Г. Т. Петровский, Г. Л. Воронков 
210 |a Ленинград  |c Машиностроение  |d 1984 
215 |a 158 с.  |c ил. 
320 |a Библиогр.: с. 154-157 
606 1 |a Оптические материалы  |x Получение в космических условиях  |2 stltpush  |3 (RuTPU)RU\TPU\subj\47210  |9 66267 
610 1 |a оптические элементы 
610 1 |a космос 
610 1 |a невесомость 
610 1 |a поверхностные явления 
610 1 |a акустические схемы 
610 1 |a формообразование 
610 1 |a пленки 
675 |a 681.7.02(201)  |z rus  |v 3 
700 1 |a Петровский  |b Г. Т.  |g Гурий Тимофеевич  |4 070 
701 1 |a Воронков  |b Г. Л.  |g Георгий Леонидович  |4 070 
801 0 |a RU  |b RuMRKP  |c 19950704  |g psbo 
801 1 |a RU  |b 63413507  |c 20150601 
801 2 |a RU  |b 63413507  |c 20181113  |g RCR 
942 |c BK